| 000 | 01184nam a22003257a 4500 | ||
|---|---|---|---|
| 001 | BRCA_9379 | ||
| 003 | FranzMayer | ||
| 005 | 20230918124006.0 | ||
| 008 | 230901b |||||||| |||| 00| 0 eng d | ||
| 020 | _a978905544659 | ||
| 040 |
_aMFM _bESPAÑOL _cMFM |
||
| 050 | 0 |
_aN1760 _bL83 2007 |
|
| 110 | 1 |
_4Responsable _aLudion _929431 |
|
| 240 |
_a6+ Antwerp Fashion _hAt the Flemish Parliament _lInglés |
||
| 245 | 0 |
_a6+ Antwerp Fashion _bAt the Flemish Parliament |
|
| 260 |
_aBruselas, Bélgica _bLudion _c2007 |
||
| 300 |
_a223 p _bIlustraciones a color _c29 cm |
||
| 500 | _aAnexo 1 | ||
| 505 | _aTexto en inglésIncluye índice temáticoDirigido a: diseñadores | ||
| 650 | 1 |
_2Artes visuales _aMuseos _vGalerías _929432 |
|
| 651 | 2 |
_2Europa _aBélgica _vAntwerp _929433 |
|
| 710 | 1 |
_4Colaborador _aThe Six Belgian Designers _929434 |
|
| 710 | 1 |
_4Colaborador _aAnn Demeulemeester _929435 |
|
| 710 | 1 |
_4Colaborador _aWalter Van Beurendock _929436 |
|
| 710 | 1 |
_4Colaborador _aDries Van Noten _929437 |
|
| 710 | 1 |
_4Colaborador _aDirk Bikkembergs _929438 |
|
| 710 | 1 |
_4Colaborador _aMarina Vee _929439 |
|
| 710 | 1 |
_4Colaborador _aDirk Van Saene _929440 |
|
| 942 |
_2lcc _cB |
||
| 999 |
_c11001 _d11001 |
||